000 00639nam a2200229Ia 4500
003 OSt
005 20220926022949.0
006 a|||||r|||| 00| 0
007 ta
008 220923b |||||||| |||| 00| 0 eng d
037 _cGeneral Book
040 _aRTL
_cRTL
_beng
041 _2eng
_aeng
082 _aB2817, K9
100 _aLarson Harold J
_9328511
245 0 _aIntroduction to probabilty theory and statistical
260 _aNew York
_bWiley
_c1969
300 _axi, 387P
_ccm.
650 _aSampling Mathematics
_9234616
942 _hB2817, K9
_cGB
_2CC
999 _c640687
_d640687